Tabela Periódica - subnível f - Statistics

Estatísticas Gerais
  • Esse quiz foi jogado 80 vezes
  • A pontuação média é 18 de 30
Estatísticas das Respostas
# Símbolo Elemento % Correto
92 U Urânio
91%
94 Pu Plutônio
83%
89 Ac Actínio
78%
99 Es Einstênio
78%
63 Eu Európio
78%
93 Np Netúnio
78%
57 La Lantânio
74%
95 Am Amerício
65%
98 Cf Califórnio
65%
96 Cm Cúrio
65%
101 Md Mendelévio
65%
97 Bk Berquélio
61%
58 Ce Cério
61%
103 Lr Laurêncio
61%
91 Pa Protactínio
61%
102 No Nobélio
57%
61 Pm Promécio
57%
69 Tm Túlio
57%
68 Er Érbio
52%
67 Ho Hólmio
52%
70 Yb Itérbio
52%
60 Nd Neodímio
52%
59 Pr Praseodímio
52%
62 Sm Samário
52%
90 Th Tório
52%
66 Dy Disprósio
48%
71 Lu Lutécio
48%
100 Fm Férmio
43%
65 Tb Térbio
43%
64 Gd Gadolínio
39%
Nenhum quiz correspondente encontrado
Distribuição das Pontuações
Porcentagem de Pessoas com Cada Pontuação
Percentil de Números Respondidos
Sua Pontuação Histórica
Você não jogou esse quiz